000 003940000a22001690004500
003 LK-CoMWRAF
008 230817t ||||| |||| 00| 0 eng d
020 _a9559734938
040 _aLK-CoMWRAF
_dLK-CoMWRAF
_eLK-CoMWRAF
041 _aeng
082 _a024
_bSHE
100 _aSherifudeen,A.Jinnah
245 _aBandaravannian Kaviyam
_b
260 _b
_a
_c2005
300 _ap.366
942 _cBK
999 _c416
_d416